[Event "Buenos Aires Duchamp Memorial op 4th"]
[Site "Buenos Aires"]
[Date "2012.10.29"]
[Round "7"]
[White "Ferro, Ezequiel"]
[Black "Garcia, Raimundo"]
[Result "1-0"]
[WhiteElo "2214"]
[BlackElo "2325"]
[PlyCount "113"]
[EventDate "2012.10.22"]
[EventType "swiss"]
[EventRounds "9"]
[EventCountry "ARG"]
[SourceTitle "EXT 2013"]
[Source "ChessBase"]
[SourceDate "2012.11.22"]
[SourceVersion "1"]
[SourceVersionDate "2012.11.22"]
[SourceQuality "1"]

1. d4 g6 2. c4 c5 3. d5 d6 4. Nc3 e5 5. e4 Bg7 6. Be2 Nf6 7. Bg5 a6 8. h3 h6 9. Be3 h5 10. Qd2 Nbd7 11. Nf3 Qc7 12. 0-0 0-0 13. Ng5 Nh7 14. Ne6 fxe6 15. dxe6 Ndf6 16. Nd5 Qb8 17. Ne7+ Kh8 18. Nxg6+ Kg8 19. e7 Re8 20. f4 Be6 21. f5 Bf7 22. Qc2 Qc7 23. g4 hxg4 24. hxg4 Bxg6 25. fxg6 Qxe7 26. g5 Qe6 27. gxh7+ Nxh7 28. Rf5 Nf8 29. Raf1 Ng6 30. Rf6 Qh3 31. R6f3 Qe6 32. Rf5 Ne7 33. Bg4 Nxf5 34. exf5 Qd7 35. Qe4 Qc6 36. Qxc6 bxc6 37. f6 Ra7 38. fxg7 Kxg7 39. Rd1 Rb7 40. b3 Rd8 41. Bf3 e4 42. Bg4 Kg6 43. Bh3 Re7 44. Kf2 Rf7+ 45. Ke2 Rh7 46. Bg2 Re7 47. Bxc5 Re6 48. Be3 d5 49. Bh3 Ree8 50. Bg2 d4 51. Rxd4 Rxd4 52. Bxd4 Kxg5 53. Ke3 Kf5 54. Bh3+ Kg5 55. Bd7 Re7 56. Bxc6 Kf5 57. b4 1-0

[Event "Buenos Aires Duchamp Memorial op 4th"]
[Site "Buenos Aires"]
[Date "2012.10.22"]
[Round "1"]
[White "Ferro, Ezequiel"]
[Black "Duarte, Gonzalo"]
[Result "1-0"]
[WhiteElo "2214"]
[BlackElo "1866"]
[PlyCount "57"]
[EventDate "2012.10.22"]
[EventType "swiss"]
[EventRounds "9"]
[EventCountry "ARG"]
[SourceTitle "EXT 2013"]
[Source "ChessBase"]
[SourceDate "2012.11.22"]
[SourceVersion "1"]
[SourceVersionDate "2012.11.22"]
[SourceQuality "1"]

1. d4 Nf6 2. c4 e6 3. Nc3 d5 4. cxd5 exd5 5. Bg5 Nbd7 6. e3 c6 7. Bd3 Be7 8. Qc2 0-0 9. Nge2 Re8 10. 0-0-0 Nf8 11. Kb1 b5 12. f3 a5 13. Bxf6 Bxf6 14. e4 dxe4 15. Bxe4 Bd7 16. h4 a4 17. g4 Qa5 18. g5 Be7 19. d5 cxd5 20. Rxd5 Rac8 21. h5 Bc6 22. g6 fxg6 23. hxg6 h6 24. Nd4 Bxd5 25. Bxd5+ Kh8 26. Qd2 Bh4 27. Rxh4 Re7 28. Nf5 Rd7 29. Rxh6+ 1-0

[Event "American Continental 08th"]
[Site "Mar del Plata"]
[Date "2012.10.19"]
[Round "9"]
[White "Crespo, Eugenio"]
[Black "Ferro, Ezequiel"]
[Result "1/2-1/2"]
[WhiteElo "2076"]
[BlackElo "2214"]
[PlyCount "47"]
[EventDate "2012.10.12"]
[EventType "swiss"]
[EventRounds "11"]
[EventCountry "ARG"]
[SourceTitle "EXT 2013"]
[Source "ChessBase"]
[SourceDate "2012.11.22"]
[SourceVersion "1"]
[SourceVersionDate "2012.11.22"]
[SourceQuality "1"]

1. e4 c6 2. d4 d5 3. Nc3 dxe4 4. Nxe4 Bf5 5. Ng3 Bg6 6. h4 h6 7. Nf3 Nd7 8. h5 Bh7 9. Bd3 Bxd3 10. Qxd3 e6 11. Bd2 Ngf6 12. 0-0-0 Be7 13. Kb1 0-0 14. Ne4 c5 15. g4 Nxg4 16. Qe2 f5 17. Nxc5 Nxc5 18. dxc5 Qd5 19. Bxh6 Qe4 20. Be3 Bf6 21. Nd2 Qb4 22. Nb3 Qe4 23. Nd2 Qb4 24. Nb3 1/2-1/2

[Event "American Continental 08th"]
[Site "Mar del Plata"]
[Date "2012.10.16"]
[Round "6"]
[White "Ferro, Ezequiel"]
[Black "Leiva Rodriguez, Jeammarco Giuseppe"]
[Result "1/2-1/2"]
[WhiteElo "2214"]
[BlackElo "2321"]
[PlyCount "115"]
[EventDate "2012.10.12"]
[EventType "swiss"]
[EventRounds "11"]
[EventCountry "ARG"]
[SourceTitle "EXT 2013"]
[Source "ChessBase"]
[SourceDate "2012.11.22"]
[SourceVersion "1"]
[SourceVersionDate "2012.11.22"]
[SourceQuality "1"]

1. d4 Nf6 2. c4 e6 3. Nc3 Bb4 4. e3 0-0 5. Nge2 d5 6. a3 Be7 7. cxd5 exd5 8. g3 c6 9. Bg2 Na6 10. 0-0 Nc7 11. f3 c5 12. dxc5 Bxc5 13. b4 Be7 14. Nf4 b6 15. Rf2 Bb7 16. Rd2 a5 17. Rb1 axb4 18. axb4 Qb8 19. g4 Bd6 20. Nce2 Ne6 21. Rc2 Rd8 22. Nxe6 fxe6 23. h3 e5 24. Ng3 g6 25. g5 Ne8 26. h4 Ng7 27. Rd2 Qc7 28. Qb3 Qc4 29. Qxc4 dxc4 30. Ne4 Be7 31. f4 Rxd2 32. Bxd2 Ra2 33. Nf6+ Bxf6 34. Bxb7 Rxd2 35. gxf6 c3 36. Be4 c2 37. Bxc2 Rxc2 38. fxg7 exf4 39. exf4 Kxg7 40. h5 gxh5 41. Rd1 Rc4 42. Rd7+ Kg8 43. f5 Rxb4 44. Rb7 Rb2 45. f6 h6 46. Kf1 h4 47. Kg1 h3 48. Kh1 b5 49. Kg1 b4 50. Kh1 b3 51. Kg1 Rg2+ 52. Kh1 Rb2 53. Kg1 h2+ 54. Kh1 Kf8 55. Rh7 Kg8 56. Rg7+ Kh8 57. Rg8+ Kxg8 58. f7+ 1/2-1/2

[Event "American Continental 08th"]
[Site "Mar del Plata"]
[Date "2012.10.14"]
[Round "3"]
[White "Ortiz, Jorge Daniel"]
[Black "Ferro, Ezequiel"]
[Result "0-1"]
[WhiteElo "1932"]
[BlackElo "2214"]
[PlyCount "108"]
[EventDate "2012.10.12"]
[EventType "swiss"]
[EventRounds "11"]
[EventCountry "ARG"]
[SourceTitle "EXT 2013"]
[Source "ChessBase"]
[SourceDate "2012.11.22"]
[SourceVersion "1"]
[SourceVersionDate "2012.11.22"]
[SourceQuality "1"]

1. e4 c6 2. d4 d5 3. Nd2 dxe4 4. Nxe4 Bf5 5. Ng3 Bg6 6. Nf3 Nd7 7. Bd3 e6 8. 0-0 Ngf6 9. Re1 Be7 10. Qe2 0-0 11. Bd2 Qb6 12. Rab1 Rfe8 13. Bxg6 hxg6 14. c4 Qa6 15. a3 b5 16. Ne5 Nxe5 17. dxe5 Nd7 18. cxb5 cxb5 19. Bc3 Nb6 20. Ne4 Nd5 21. Rbc1 Qb6 22. Red1 Rac8 23. Qd2 Nxc3 24. Rxc3 Rxc3 25. Qxc3 b4 26. axb4 Bxb4 27. Qd4 Qa5 28. Qd7 Rf8 29. Qd4 a6 30. g3 Qb5 31. Nd6 Qb8 32. Rc1 a5 33. Rc6 Qa8 34. Qc4 Qd8 35. Rc8 Qd7 36. Rc7 Qa4 37. Nxf7 Qd1+ 38. Kg2 Rxf7 39. Rc8+ Bf8 40. f4 Qd5+ 41. Qxd5 exd5 42. Ra8 Rb7 43. Rxa5 Rxb2+ 44. Kf3 Rd2 45. h3 Kf7 46. Ra6 Bc5 47. Kg4 Rd3 48. Ra2 Rb3 49. Rc2 Bb6 50. Kh4 d4 51. Rc6 d3 52. Rd6 Ba5 53. Kg5 d2 54. Rd7+ Kf8 0-1

[Event "American Continental 08th"]
[Site "Mar del Plata"]
[Date "2012.10.12"]
[Round "1"]
[White "Farias, Sergio Luiz Cardoso"]
[Black "Ferro, Ezequiel"]
[Result "0-1"]
[WhiteElo "1524"]
[BlackElo "2214"]
[PlyCount "87"]
[EventDate "2012.10.12"]
[EventType "swiss"]
[EventRounds "11"]
[EventCountry "ARG"]
[SourceTitle "EXT 2013"]
[Source "ChessBase"]
[SourceDate "2012.11.22"]
[SourceVersion "1"]
[SourceVersionDate "2012.11.22"]
[SourceQuality "1"]

1. e4 c6 2. d4 d5 3. exd5 cxd5 4. Nf3 Nf6 5. c3 g6 6. Be2 Bg7 7. 0-0 0-0 8. Bf4 Nh5 9. Qc1 Nxf4 10. Qxf4 Qb6 11. Qc1 Nc6 12. Na3 Bd7 13. Nc2 Rac8 14. Rd1 Bf5 15. Bd3 Bg4 16. Be2 Rfd8 17. Kf1 a5 18. h3 Bf5 19. Bd3 Bxd3+ 20. Rxd3 Qb5 21. Nfe1 e5 22. Kg1 exd4 23. Na3 Qb6 24. Rb1 dxc3 25. bxc3 Qc7 26. Nf3 Nb4 27. cxb4 Qxc1+ 28. Rxc1 Rxc1+ 29. Kh2 axb4 30. Nb5 Rc2 31. Rd2 Rxd2 32. Nxd2 Ra8 33. Nb3 Rxa2 34. Kg3 Ra3 35. Nxa3 bxa3 36. Nc1 b5 37. Na2 Bf8 38. Kf3 b4 39. Nc1 Bh6 40. Nb3 a2 41. Ke2 Bg7 42. Kd3 a1Q 43. Nxa1 Bxa1 44. Kc2 0-1

[Event "LNA Puma Cup"]
[Site "Argentina"]
[Date "2006.10.01"]
[Round "5"]
[White "Aguilar, Andres"]
[Black "Ferro, Ezequiel"]
[Result "1-0"]
[WhiteElo "2278"]
[BlackElo "2159"]
[PlyCount "75"]
[EventDate "2006.09.03"]
[EventType "swiss"]
[EventRounds "8"]
[EventCountry "ARG"]
[SourceTitle "EXT 2008"]
[Source "ChessBase"]
[SourceDate "2007.11.25"]
[SourceVersion "1"]
[SourceVersionDate "2007.11.25"]
[SourceQuality "1"]

1. e4 e6 2. d4 d5 3. Nc3 Bb4 4. e5 c5 5. a3 Bxc3+ 6. bxc3 Qc7 7. Qg4 f5 8. Qg3 cxd4 9. cxd4 Ne7 10. Bd2 0-0 11. Bd3 b6 12. Ne2 Ba6 13. Nf4 Qd7 14. Bb4 Rc8 15. 0-0 Bxd3 16. Qxd3 Rc4 17. Bd2 Nbc6 18. c3 Na5 19. Rad1 Ra4 20. Bc1 Rc8 21. Qc2 Rac4 22. Rd3 Nac6 23. Rfd1 Nd8 24. Rg3 Qa4 25. Qe2 Rxc3 26. Be3 R8c7 27. h4 Rxa3 28. Qh5 Ng6 29. Nxg6 hxg6 30. Rxg6 f4 31. Bxf4 Ra1 32. Rxa1 Qxa1+ 33. Kh2 Qxd4 34. Qg5 Qxf2 35. Qxd8+ Kh7 36. Qg5 Rf7 37. Qh5+ Kg8 38. Bg3 1-0

[Event "Buenos Aires Banfield op"]
[Site "Buenos Aires"]
[Date "2005.12.16"]
[Round "6.2"]
[White "Antonio, Jorge Carlos"]
[Black "Ferro, Ezequiel"]
[Result "0-1"]
[WhiteElo "2096"]
[BlackElo "2151"]
[PlyCount "54"]
[EventDate "2005.12.11"]
[EventType "swiss"]
[EventRounds "9"]
[EventCountry "ARG"]
[SourceTitle "EXT 2024"]
[Source "ChessBase"]
[SourceDate "2023.10.10"]
[SourceVersion "1"]
[SourceVersionDate "2023.10.10"]
[SourceQuality "1"]

1. e4 e6 2. d4 d5 3. exd5 exd5 4. c3 c5 5. Nf3 Nc6 6. Be3 cxd4 7. Nxd4 Nf6 8. Bd3 Bd6 9. Qb3 0-0 10. Nd2 Ng4 11. 0-0-0 Nxe3 12. fxe3 Qg5 13. Rde1 Nxd4 14. exd4 Bf4 15. Qc2 Qxg2 16. Bxh7+ Kh8 17. Bd3 Bg4 18. h3 Bf3 19. Rhg1 Rae8 20. b3 Re6 21. Ref1 Qh2 22. Re1 Rfe8 23. Ref1 g6 24. h4 Re2 25. Bxe2 Rxe2 26. Rd1 Be4 27. Qb2 Rxd2 0-1

[Event "Villa Martelli Pro Am op 11th"]
[Site "Villa Martelli"]
[Date "2004.11.10"]
[Round "5"]
[White "Sanduay, Nicolas"]
[Black "Ferro, Ezequiel"]
[Result "1/2-1/2"]
[WhiteElo "1910"]
[BlackElo "2111"]
[PlyCount "77"]
[EventDate "2004.11.04"]
[EventType "swiss"]
[EventRounds "9"]
[EventCountry "ARG"]
[SourceTitle "CBM 103 Extra"]
[Source "ChessBase"]
[SourceDate "2005.01.01"]
[SourceVersion "1"]
[SourceVersionDate "2005.01.01"]
[SourceQuality "1"]

1. e4 e6 2. d4 d5 3. Nd2 Nf6 4. e5 Nfd7 5. f4 c5 6. c3 Nc6 7. Ndf3 cxd4 8. cxd4 Be7 9. Bd3 f5 10. Ne2 0-0 11. 0-0 a5 12. a3 a4 13. Qe1 Na5 14. Be3 Nc4 15. Bxc4 dxc4 16. Rc1 b5 17. d5 exd5 18. Ned4 Nc5 19. Nc6 Nd3 20. Qd2 Qe8 21. Nxe7+ Qxe7 22. Rcd1 Bd7 23. Ne1 Nxe1 24. Qxe1 Be6 25. Bd2 d4 26. Bb4 Qd7 27. Bxf8 Rxf8 28. Qd2 d3 29. Qe3 Bd5 30. Qd4 Qc6 31. Rd2 Be4 32. Re1 Rc8 33. Re3 c3 34. bxc3 Qxc3 35. Rexd3 Bxd3 36. Qxd3 h6 37. h3 Qc5+ 38. Kh2 Qc4 39. Qe3 1/2-1/2

[Event "Buenos Aires Najdorf Talents"]
[Site "Buenos Aires"]
[Date "2004.09.21"]
[Round "2"]
[White "Bitelmajer, Martin"]
[Black "Ferro, Ezequiel"]
[Result "1-0"]
[WhiteElo "2185"]
[BlackElo "2109"]
[PlyCount "71"]
[EventDate "2004.09.21"]
[EventType "swiss"]
[EventRounds "7"]
[EventCountry "ARG"]
[SourceTitle "CBM 102 Extra"]
[Source "ChessBase"]
[SourceDate "2004.11.03"]
[SourceVersion "1"]
[SourceVersionDate "2004.11.03"]
[SourceQuality "1"]

1. d4 Nf6 2. c4 e6 3. g3 d5 4. Nf3 dxc4 5. Qa4+ Bd7 6. Qxc4 Bc6 7. Bg2 Bd5 8. Qa4+ Bc6 9. Qc2 Be4 10. Qd1 c5 11. 0-0 Nc6 12. Qa4 b5 13. Qxb5 Rb8 14. Qa4 Rb4 15. Qd1 cxd4 16. Nbd2 Bd5 17. a3 Rb6 18. Qa4 Qd7 19. Nc4 Rb8 20. Rd1 Bc5 21. Qa6 Qb7 22. Qxb7 Rxb7 23. Nfe5 Bxg2 24. Kxg2 Nxe5 25. Nxe5 Nd7 26. Nc4 Rb3 27. Na5 Rb5 28. b4 Rxa5 29. bxa5 Ke7 30. a4 e5 31. e3 Rb8 32. Ba3 Bxa3 33. Rxa3 dxe3 34. Rxe3 Rb4 35. Rc3 Ke6 36. Rc6+ 1-0

[Event "Banfield I IRT CAB"]
[Site "Banfield"]
[Date "2004.09.18"]
[Round "6"]
[White "Antonio, Jorge Carlos"]
[Black "Ferro, Ezequiel"]
[Result "0-1"]
[WhiteElo "2097"]
[BlackElo "2109"]
[PlyCount "68"]
[EventDate "2004.09.13"]
[EventType "tourn"]
[EventRounds "9"]
[EventCountry "ARG"]
[SourceTitle "EXT 2006"]
[Source "ChessBase"]
[SourceDate "2005.11.24"]
[SourceVersion "1"]
[SourceVersionDate "2005.11.24"]
[SourceQuality "1"]

1. e4 c5 2. Nf3 d6 3. d3 g6 4. g3 Bg7 5. Bg2 Nf6 6. 0-0 0-0 7. Qe2 Bg4 8. h3 Bxf3 9. Qxf3 Nc6 10. c3 Rb8 11. Qe2 b5 12. Be3 b4 13. d4 bxc3 14. bxc3 cxd4 15. cxd4 Nd7 16. Rd1 e5 17. d5 Nd4 18. Qd2 f5 19. Nc3 Nc5 20. Rac1 Qd7 21. Kh2 Rbe8 22. f4 fxe4 23. fxe5 Nf5 24. e6 Nxe6 25. dxe6 Qxe6 26. Nd5 Nxg3 27. Kxg3 Be5+ 28. Nf4 g5 29. Kh2 gxf4 30. Bd4 f3+ 31. Kh1 Bf4 32. Qf2 Bxc1 33. Rxc1 e3 34. Rc7 exf2 0-1

[Event "Banfield I IRT CAB"]
[Site "Banfield"]
[Date "2004.09.14"]
[Round "2"]
[White "Garzon, Enrique"]
[Black "Ferro, Ezequiel"]
[Result "1/2-1/2"]
[WhiteElo "2308"]
[BlackElo "2109"]
[PlyCount "90"]
[EventDate "2004.09.13"]
[EventType "tourn"]
[EventRounds "9"]
[EventCountry "ARG"]
[SourceTitle "EXT 2006"]
[Source "ChessBase"]
[SourceDate "2005.11.24"]
[SourceVersion "1"]
[SourceVersionDate "2005.11.24"]
[SourceQuality "1"]

1. e4 c6 2. d4 d5 3. e5 c5 4. c3 Nc6 5. Nf3 Bg4 6. Be2 e6 7. Nbd2 Nge7 8. dxc5 Ng6 9. Qa4 Bxf3 10. Nxf3 Bxc5 11. Bb5 Qc7 12. 0-0 0-0 13. b4 Bb6 14. Bxc6 bxc6 15. Re1 f6 16. exf6 Rxf6 17. Qd1 Raf8 18. Be3 e5 19. Ng5 h6 20. Nh3 Bxe3 21. Rxe3 Nf4 22. Nxf4 Rxf4 23. Re2 Qb6 24. Qd2 d4 25. Rf1 Qb5 26. c4 Qxc4 27. Rxe5 d3 28. Re3 Rd8 29. a3 Re4 30. Rc1 Qd5 31. Rxe4 Qxe4 32. Kf1 Rd6 33. Qa2+ Kh7 34. Re1 Qf4 35. Rd1 Qxh2 36. Rxd3 Rxd3 37. Qc2 Qh1+ 38. Ke2 Qxg2 39. Qxd3+ Qg6 40. Qe3 a6 41. Kf1 h5 42. Qh3 Qb1+ 43. Kg2 Qe4+ 44. Kh2 h4 45. Qd7 Qf3 1/2-1/2

[Event "ARG-ch sf"]
[Site "Buenos Aires"]
[Date "2001.??.??"]
[Round "7"]
[White "Ferro, Ezequiel"]
[Black "Sapienza, Julian"]
[Result "0-1"]
[WhiteElo "2153"]
[BlackElo "2287"]
[PlyCount "106"]
[EventDate "2001.09.10"]
[EventType "swiss"]
[EventRounds "8"]
[EventCountry "ARG"]
[SourceTitle "EXT 2002"]
[Source "ChessBase"]
[SourceDate "2001.11.25"]
[SourceVersion "1"]
[SourceVersionDate "2001.11.25"]
[SourceQuality "1"]

1. d4 Nf6 2. Nf3 d6 3. c4 g6 4. Nc3 Bg7 5. Bf4 0-0 6. e3 c6 7. Be2 Qb6 8. Qb3 Bf5 9. 0-0 Nbd7 10. h3 a5 11. Nd2 Rfd8 12. e4 Qxb3 13. axb3 e5 14. dxe5 dxe5 15. Be3 Be6 16. Rfd1 Bf8 17. Na4 Bb4 18. f3 Nh5 19. Kh2 Nf4 20. Bf1 f5 21. exf5 gxf5 22. Nb1 b5 23. cxb5 Bxb3 24. Rc1 c5 25. Nbc3 Ne6 26. Bd3 e4 27. fxe4 f4 28. Bg1 Ne5 29. Be2 Rd2 30. Bd1 Bxd1 31. Rxd1 Rad8 32. Rxd2 Rxd2 33. Rd1 Bxc3 34. Nxc3 Rxb2 35. Kh1 Rb3 36. Rd5 Nc4 37. Na4 Rxb5 38. Nxc5 Nxc5 39. Rxc5 Rxc5 40. Bxc5 Kf7 41. Kg1 Ke6 42. Kf2 Ke5 43. Kf3 Nd2+ 44. Kg4 Kxe4 45. Kh5 a4 46. Kh6 Nf1 47. Kxh7 Ne3 48. h4 Nxg2 49. h5 Nh4 50. h6 Nf5 51. Kg6 Nxh6 52. Kxh6 f3 53. Kh5 a3 0-1

[Event "ARG-ch sf"]
[Site "Buenos Aires"]
[Date "2001.??.??"]
[Round "3"]
[White "Lida Garcia, Fernando"]
[Black "Ferro, Ezequiel"]
[Result "1-0"]
[WhiteElo "2140"]
[BlackElo "2153"]
[PlyCount "69"]
[EventDate "2001.09.10"]
[EventType "swiss"]
[EventRounds "8"]
[EventCountry "ARG"]
[SourceTitle "EXT 2002"]
[Source "ChessBase"]
[SourceDate "2001.11.25"]
[SourceVersion "1"]
[SourceVersionDate "2001.11.25"]
[SourceQuality "1"]

1. Nf3 Nf6 2. c4 e6 3. Nc3 Bb4 4. g4 h6 5. Rg1 b6 6. g5 hxg5 7. Rxg5 Bb7 8. e3 Ne4 9. Nxe4 Bxe4 10. Rg4 Bb7 11. a3 Bd6 12. h3 Qf6 13. e4 c5 14. d4 cxd4 15. Bg5 Qg6 16. Be7 Qxg4 17. hxg4 Bxe7 18. Qxd4 Bf6 19. e5 Be7 20. Qf4 Bxf3 21. Qxf3 Nc6 22. 0-0-0 Rd8 23. Qf4 Rh1 24. Bg2 Rxd1+ 25. Kxd1 Bc5 26. b4 Bd4 27. b5 Bxe5 28. Qe3 Bd4 29. Qe4 Bxf2 30. Ke2 Bc5 31. bxc6 dxc6 32. Qxc6+ Ke7 33. g5 g6 34. Qc7+ Rd7 35. Qb8 1-0